Normal view MARC view

Entry Topical Term

Number of records used in: 1

001 - CONTROL NUMBER

  • control field: 30225

003 - CONTROL NUMBER IDENTIFIER

  • control field: OSt

005 - DATE AND TIME OF LATEST TRANSACTION

  • control field: 20220225161007.0

008 - FIXED-LENGTH DATA ELEMENTS

  • fixed length control field: 220225|| aca||aabn | a|a d

040 ## - CATALOGING SOURCE

  • Original cataloging agency: OSt
  • Transcribing agency: OSt

150 ## - HEADING--TOPICAL TERM

  • Topical term or geographic name entry element: Local self-government, Local autonomy, Self-determination, Coerced amalgamations, Amalgamations

670 ## - SOURCE DATA FOUND

  • Source citation: Work cat.: (OSt): Erlingsson, G.O. Odalen, J. and Wangmar, E. 30224, How coerced municipal amalgamations thwart the values of local self-government

Powered by Koha